000 00360cam a2200145ua 4500
003 OSt
008 250610b |||||||| |||| 00| 0 eng d
041 _aeng
082 _a624.1821
_bBIS/PR
100 _aBiswas, A K .
_97569
245 _aPrinciples of steel making /
260 _aMumbai :
_bAsia Publishing House ,
_c1922.
300 _a412 ; .
942 _cBK
999 _c1903
_d1903